| 000 | 00878nam a2200241 a 4500 | ||
|---|---|---|---|
| 001 | 000024306 | ||
| 005 | 20240530073934.0 | ||
| 008 | 110126s1964 dr 001 0 spa d | ||
| 040 |
_aDO-SdBNP _bspa _cBNPHU |
||
| 082 |
_a972.93 _bG216c |
||
| 100 | 1 |
_aGarcía Lluberes, Leónidas, _d1882-1967 _949875 |
|
| 245 | 1 | 0 |
_aCrítica histórica / _cLeónidas García Lluberes. |
| 260 |
_aSanto Domingo : _bMontalvo, _c1964. |
||
| 300 |
_a160 p. ; _c24 cm. |
||
| 490 | 1 |
_aAcademia Dominicana de la Historia _v16 |
|
| 504 | _aIncluye bibliografía y notas al pie de páginas. | ||
| 600 | 1 | 0 |
_aDuarte, Juan Pablo, _d1813-1876 _91494 |
| 650 | 0 |
_aEnsayos dominicanos _965 |
|
| 650 | 4 |
_aRepública dominicana _xHistoria _y1844-1930 _xEnsayos conferencias, etc. _949877 |
|
| 830 | 0 |
_aAcademia Dominicana de la Historia _n16 _949878 |
|
| 910 | _aValidado. Control de calidad | ||
| 049 | _aBNPD | ||
| 999 |
_c23799 _d23799 |
||